000 01136pam a2200349 a 4500
001 2068527
003 OSt
005 20251107084402.0
008 940516s1995 nyua b 001 0 eng
010 _a 94017209
020 _a0801312736
020 _a9780801312731
035 _a2068527
040 _aDLC
_cDLC
_dDLC
050 0 0 _aLB1028
_b.C515 1995
082 0 0 _a370/.7/8
_220
100 1 _aCharles, C. M.
245 1 0 _aIntroduction to educational research /
_cC.M. Charles.
246 3 0 _aEducational research
250 _a2nd ed.
260 _aWhite Plains, N.Y. :
_bLongman Publishers USA,
_cc1995.
300 _axvii, 332 p. :
_bill. ;
_c25 cm.
336 _atext
_btxt
_2rdacontent
337 _aunmediated
_bn
_2rdamedia
338 _avolume
_bnc
_2rdacarrier
504 _aIncludes bibliographical references and index.
650 0 _aEducation
_xResearch.
906 _a7
_bcbc
_corignew
_d1
_eocip
_f19
_gy-gencatlg
942 _2lcc
_cBK
999 _c265064
_d265063